Twenty One Pilots: True or False - Statistics

General Stats
  • This quiz has been taken 199 times
  • The average score is 9 of 15
Answer Stats
Question Answer % Correct
These songs are all from the same album: Jumpsuit, Smithereens, My Blood, Pet Cheetah, Leave the City, and Chlorine True
97%
There is lore that is involved with the band's songs, and this lore started on the Blurryface album primarily. True
91%
The full names of both of the boys are Tyler Robert Joseph and Joshua William Dun. True
91%
Regional At Best was an album that was released by the band in 2011, and it was removed in 2012 due to the band being signed to Fueled By Ramen. True
88%
The band went on an around 1 - 1 1/2 year hiatus between the end of the Emotional Roadshow tour and the comeback that was of Trench in 2018. True
82%
Routines in the Night wasn't originally going to stay on Clancy because Tyler did not like the song. However, Josh convinced Tyler enough to keep the song on the album. True
79%
For a web series the band made in 2011, you can hear one of their unreleased demos in one of the videos, and the demo was titled, "Korea". True
71%
In 2021, the band was featured in a Taco Bell commercial where the Twenty One Pilots taco was revealed for a limited time. False
66%
Coconut Sharks in the Water is a real song by the band. True
62%
Jay Joseph, Tyler's brother, is featured in one of the songs by the band titled, "Kitchen Sink". False
56%
The lyrics, "Josh Dun" can be heard in 3 of the band's songs. Those include, "The Judge," as well as, "Morph," and "Bounce Man." False
45%
The birthdays of both the band members are EXACTLY 167 days apart. False
32%
In the song, "Fairly Local", you can hear the lyrics, "Yo, this album will never be on the radio Even if my clique were to pick and the people were to vote Its the few, the proud, and the emotional" False
27%
Both of the boys are from Columbus, Ohio, and they did a tour entitled, "Tour De Columbus" that went from June 20 - 25 of 2016. False
25%
The original members of the band from 2009 - 2011 were Nick Salih, Chris Thomas, and Tyler Joseph. False
23%
No matching quizzes found
Score Distribution
Percent of People with Each Score
Percentile by Number Answered
Your Score History
You have not taken this quiz